| Tag |
First Indicator |
Second Indicator |
Subfields |
| LEADER |
00000cam a2200000Ii 4500 |
| 001 |
in00000011412 |
| 005 |
20220104090756.0 |
| 008 |
870202s1986 txua bm 000 0 eng d |
| 019 |
|
|
|a 15368210
|
| 035 |
|
|
|9 AAA6093AM
|
| 035 |
|
|
|a (OCoLC)15141406
|
| 035 |
|
|
|a (OCoLC)15141406
|z (OCoLC)15368210
|
| 035 |
|
|
|a (OCoLC)ocm15141406
|
| 040 |
|
|
|a MCE
|b eng
|c MCE
|d OCL
|d OCLCQ
|d OCLCO
|d OCLCF
|d OCLCQ
|d TXA
|
| 049 |
|
|
|a TXAM
|
| 050 |
|
4 |
|a TA710.5
|b .M35
|
| 099 |
|
|
|a 1986
|a Disser-
|a tation
|a M262
|
| 100 |
1 |
|
|a Makarim, Chaidir Anwar.
|
| 245 |
1 |
0 |
|a Pressuremeter method for single piles subjected to cyclic lateral loads in overconsolidated clay /
|
| 264 |
|
1 |
|a College Station, Tex. :
|b Civil Engineering Dept. Texas A & M University,
|c 1986.
|
| 300 |
|
|
|a 305 pages :
|b illustrations ;
|c 28 cm
|
| 336 |
|
|
|a text
|b txt
|2 rdacontent
|
| 337 |
|
|
|a unmediated
|b n
|2 rdamedia
|
| 338 |
|
|
|a volume
|b nc
|2 rdacarrier
|
| 500 |
|
|
|a "December 1986."
|
| 502 |
|
|
|c Ph. D. Texas A & M University
|
| 504 |
|
|
|a Includes bibliographical references.
|
| 650 |
|
0 |
|a Piling (Civil engineering)
|
| 650 |
|
4 |
|a Major civil engineering.
|
| 655 |
|
7 |
|a Academic theses
|2 lcgft
|
| 700 |
1 |
|
|a Briaud, Jean-Louis,
|e degree supervisor.
|
| 700 |
1 |
|
|a Dunlap, Wayne A.,
|e degree committee member.
|
| 700 |
1 |
|
|a Haisler, Walter E.,
|e degree committee member.
|
| 700 |
1 |
|
|a Lytton, Robert L.,
|e degree committee member.
|
| 710 |
2 |
|
|a Texas A & M University,
|e degree granting institution.
|
| 710 |
2 |
|
|a Texas A & M University.
|b Civil Engineering Department.
|
| 856 |
4 |
1 |
|u http://proxy.library.tamu.edu/login?url=http://proquest.umi.com/pqdweb?did=752633321&sid=1&Fmt=2&clientId=2945&RQT=309&VName=PQD
|z Link to ProQuest copy
|t 0
|
| 856 |
4 |
1 |
|u https://hdl.handle.net/1969.1/DISSERTATIONS-19859
|z Link to OAKTrust copy
|t 0
|
| 994 |
|
|
|a C0
|b TXA
|
| 999 |
f |
f |
|s c59f7036-8a5b-32d1-b701-8d7d01011b8d
|i 302802f9-abd6-30d8-b893-85f2963cbf6b
|t 0
|
| 952 |
f |
f |
|p noncirc
|a Texas A&M University
|b J.J. Pickle Campus
|c High Density Repository
|s HDR
|d Remote Storage
|t 0
|e 1986 Dissertation M262
|h Other scheme
|i unmediated -- volume
|m A14839614558
|
| 952 |
f |
f |
|a Texas A&M University
|b College Station
|c Electronic Resources
|s www_evans
|d Available Online
|t 0
|e 1986 Dissertation M262
|h Other scheme
|
| 998 |
f |
f |
|a 1986 Dissertation M262
|t 0
|l Remote Storage
|
| 998 |
f |
f |
|a 1986 Dissertation M262
|t 0
|l Available Online
|